| 000 | 00414nam a2200145Ia 4500 | ||
|---|---|---|---|
| 005 | 20250606033951.0 | ||
| 008 | 240331s9999 xx 000 0 und d | ||
| 082 |
_bSAN _a303 |
||
| 245 | 0 | _aSanskruthi | |
| 260 |
_aBorelsgamuwa _bSanskruthi publishers _c2009 |
||
| 300 | _a135 p ., | ||
| 500 | _aThe little magazine its contribution to make Sinhala a viable modern language | ||
| 700 |
_aSankruti. _eedt |
||
| 942 | _cL | ||
| 999 |
_c5644 _d5644 |
||